Statistics for Johannesburg City Trivia

Click here to take the quiz!

General Stats

  • This quiz has been taken 101 times
  • The average score is 8 of 14

Answer Stats

ClueAnswer% Correct
The final match of this event took place in Johannesburg in 2010FIFA World Cup
92%
Nobel Peace Prize winners who once lived in the Vilakazi Street of the aboveNelson Mandela
90%
31% of the population speaks English; 19% speak this languageZulu
87%
Johannesburg is the most populous city in Africa south of this major lineEquator
84%
Nobel Peace Prize winners who once lived in the Vilakazi Street of the aboveDesmond Tutu
63%
Second most populous city in the Greater JohannesburgPretoria
63%
Township whose name stands for "South Western Townships"Soweto
63%
Name by which Johannesburg is is informally knownJozi / Joburg
52%
Province in which Johannesburg is locatedGauteng
48%
Type of event that led to the establishment of JohannesburgGold Rush
43%
Second-tallest building in Africa (as of January 2022)
hint: first name of a famous Italian polymath
The Leonardo
33%
Airport code of the O. R. Tambo International AirportJNB
20%
This tower was the tallest in the Southern Hemisphere until 1978{Hillbrow} Tower
14%
Stadium in which that final match was playedFNB Stadium
12%

Score Distribution

Percentile by Number Answered

Percent of People with Each Score

Your Score History

You have not taken this quiz